[Event "Kings Place Rapidplay"]
[Site "London"]
[Date "2017.07.08"]
[Round "3.1"]
[White "Wall, Gavin"]
[Black "Howell, David W L"]
[Result "0-1"]
[BlackElo "2690"]
[WhiteElo "2302"]
[LiveChessVersion "1.4.6"]
[EventDate "2017.07.08"]
[EventType "swiss"]
[EventRounds "6"]
[EventCountry "ENG"]

1. e4 {[%clk 0:25:09]} e5 {[%clk 0:24:37]} 2. Nf3 {[%clk 0:25:12]} Nc6
{[%clk 0:24:40]} 3. d3 {[%clk 0:25:09]} Nge7 {[%clk 0:23:28]} 4. g3
{[%clk 0:24:51]} g6 {[%clk 0:23:26]} 5. h4 {[%clk 0:24:11]} h6 {[%clk 0:21:07]}
6. h5 {[%clk 0:23:31]} g5 {[%clk 0:21:09]} 7. Bh3 {[%clk 0:23:27]} d5
{[%clk 0:18:35]} 8. Bxc8 {[%clk 0:23:31]} Qxc8 {[%clk 0:18:38]} 9. Nbd2
{[%clk 0:18:54]} Bg7 {[%clk 0:13:50]} 10. Nb3 {[%clk 0:18:42]} f5
{[%clk 0:12:45]} 11. Qe2 {[%clk 0:18:18]} Qe6 {[%clk 0:11:46]} 12. Bd2
{[%clk 0:17:09]} O-O-O {[%clk 0:09:46]} 13. O-O-O {[%clk 0:17:12]} fxe4
{[%clk 0:05:38]} 14. dxe4 {[%clk 0:17:15]} d4 {[%clk 0:05:42]} 15. Nh2
{[%clk 0:17:02]} Kb8 {[%clk 0:05:26]} 16. Qb5 {[%clk 0:16:15]} b6
{[%clk 0:04:45]} 17. g4 {[%clk 0:13:46]} Rhf8 {[%clk 0:04:25]} 18. f3
{[%clk 0:13:49]} Nc8 {[%clk 0:03:29]} 19. Bb4 {[%clk 0:12:07]} Rf6
{[%clk 0:03:21]} 20. Rd3 {[%clk 0:09:06]} a6 {[%clk 0:02:58]} 21. Qa4
{[%clk 0:09:09]} Qc4 {[%clk 0:02:57]} 22. a3 {[%clk 0:08:52]} b5 {[%clk 0:02:32]}
23. Qxa6 {[%clk 0:08:50]} Nxb4 0-1

[Event "Kings Place Rapidplay"]
[Site "London"]
[Date "2017.07.08"]
[Round "3.2"]
[White "McShane, Luke J"]
[Black "Pigott, John C"]
[Result "1-0"]
[BlackElo "2321"]
[WhiteElo "2686"]
[LiveChessVersion "1.4.6"]
[EventDate "2017.07.08"]
[EventType "swiss"]
[EventRounds "6"]
[EventCountry "ENG"]

1. e4 {[%clk 0:24:59]} e6 {[%clk 0:25:10]} 2. d4 {[%clk 0:25:00]} d5
{[%clk 0:25:12]} 3. Nd2 {[%clk 0:24:57]} Nf6 {[%clk 0:25:15]} 4. e5
{[%clk 0:25:00]} Nfd7 {[%clk 0:25:18]} 5. f4 {[%clk 0:25:04]} c5 {[%clk 0:25:22]}
6. c3 {[%clk 0:25:08]} Nc6 {[%clk 0:25:26]} 7. Ndf3 {[%clk 0:25:12]} Qb6
{[%clk 0:25:25]} 8. a3 {[%clk 0:25:15]} Be7 {[%clk 0:25:12]} 9. b4
{[%clk 0:24:58]} cxd4 {[%clk 0:25:14]} 10. cxd4 {[%clk 0:25:01]} a6
{[%clk 0:25:16]} 11. h4 {[%clk 0:24:31]} Qc7 {[%clk 0:24:57]} 12. h5
{[%clk 0:22:11]} b5 {[%clk 0:23:43]} 13. Nh3 {[%clk 0:15:52]} Nb6
{[%clk 0:19:23]} 14. Bd3 {[%clk 0:15:20]} Nc4 {[%clk 0:14:05]} 15. O-O
{[%clk 0:15:20]} a5 {[%clk 0:13:56]} 16. bxa5 {[%clk 0:13:11]} Qxa5
{[%clk 0:13:54]} 17. Kh1 {[%clk 0:11:23]} Bd7 {[%clk 0:11:37]} 18. Bxc4
{[%clk 0:05:16]} bxc4 {[%clk 0:11:04]} 19. Qe2 {[%clk 0:04:26]} Rb8
{[%clk 0:09:48]} 20. Qf2 {[%clk 0:04:07]} Rb3 {[%clk 0:08:49]} 21. Qg3
{[%clk 0:03:45]} g6 {[%clk 0:08:32]} 22. Qf2 {[%clk 0:03:12]} Qb6
{[%clk 0:06:38]} 23. a4 {[%clk 0:03:06]} Rd3 {[%clk 0:04:30]} 24. Be3
{[%clk 0:02:48]} Qa5 {[%clk 0:02:22]} 25. Qe2 {[%clk 0:02:17]} Qc3
{[%clk 0:01:52]} 26. Bg1 {[%clk 0:01:48]} O-O {[%clk 0:01:30]} 27. Rfc1
{[%clk 0:01:19]} Qa5 {[%clk 0:01:27]} 28. Qf2 {[%clk 0:01:07]} Rb8
{[%clk 0:01:16]} 29. hxg6 {[%clk 0:01:02]} fxg6 {[%clk 0:01:13]} 30. Qg3
{[%clk 0:00:50]} Qd8 {[%clk 0:00:54]} 31. f5 {[%clk 0:00:45]} exf5
{[%clk 0:00:52]} 32. Nf4 {[%clk 0:00:49]} Nb4 {[%clk 0:00:23]} 33. a5
{[%clk 0:00:30]} Be8 {[%clk 0:00:15]} 34. a6 {[%clk 0:00:17]} Ra8
{[%clk 0:00:18]} 35. a7 {[%clk 0:00:21]} Qb6 {[%clk 0:00:17]} 36. Nxd3
{[%clk 0:00:20]} Nxd3 {[%clk 0:00:20]} 37. Rcb1 {[%clk 0:00:24]} Qc7
{[%clk 0:00:20]} 38. Ne1 {[%clk 0:00:10]} Nxe1 {[%clk 0:00:16]} 39. Qxe1
{[%clk 0:00:13]} Rxa7 {[%clk 0:00:20]} 40. Bh2 {[%clk 0:00:14]} Rxa1
{[%clk 0:00:06]} 41. Rxa1 {[%clk 0:00:18]} Bc6 {[%clk 0:00:10]} 42. e6
{[%clk 0:00:19]} Qb6 {[%clk 0:00:12]} 43. Rb1 {[%clk 0:00:14]} Qa7
{[%clk 0:00:13]} 44. Be5 {[%clk 0:00:11]} Bb7 {[%clk 0:00:11]} 45. Qe3
{[%clk 0:00:10]} 1-0

[Event "Kings Place Rapidplay"]
[Site "London"]
[Date "2017.07.08"]
[Round "3.3"]
[White "Zapolskis, Antanas"]
[Black "Ghasi, Ameet K"]
[Result "0-1"]
[BlackElo "2552"]
[WhiteElo "2261"]
[LiveChessVersion "1.4.6"]
[EventDate "2017.07.08"]
[EventType "swiss"]
[EventRounds "6"]
[EventCountry "ENG"]

1. e4 {[%clk 0:25:07]} d6 {[%clk 0:24:33]} 2. d4 {[%clk 0:25:08]} Nf6
{[%clk 0:24:26]} 3. Nc3 {[%clk 0:25:12]} g6 {[%clk 0:24:29]} 4. Be2
{[%clk 0:25:13]} Bg7 {[%clk 0:24:29]} 5. g4 {[%clk 0:25:16]} e5 {[%clk 0:22:58]}
6. dxe5 {[%clk 0:24:56]} dxe5 {[%clk 0:23:01]} 7. Qxd8+ {[%clk 0:24:58]} Kxd8
{[%clk 0:23:05]} 8. g5 {[%clk 0:25:01]} Nfd7 {[%clk 0:20:48]} 9. Be3
{[%clk 0:25:03]} c6 {[%clk 0:17:35]} 10. O-O-O {[%clk 0:24:49]} Ke7
{[%clk 0:16:43]} 11. a4 {[%clk 0:23:09]} a5 {[%clk 0:16:28]} 12. Nf3
{[%clk 0:21:18]} Na6 {[%clk 0:16:28]} 13. Nd2 {[%clk 0:21:20]} Nac5
{[%clk 0:16:27]} 14. Nc4 {[%clk 0:21:22]} Ne6 {[%clk 0:16:28]} 15. Nd6
{[%clk 0:18:39]} Nd4 {[%clk 0:15:44]} 16. Nxc8+ {[%clk 0:18:09]} Raxc8
{[%clk 0:15:45]} 17. Bg4 {[%clk 0:17:43]} Ne6 {[%clk 0:13:06]} 18. h4
{[%clk 0:17:18]} h5 {[%clk 0:09:00]} 19. Bh3 {[%clk 0:15:09]} Rcd8
{[%clk 0:04:15]} 20. Bxe6 {[%clk 0:11:19]} Kxe6 {[%clk 0:04:19]} 21. Rd2
{[%clk 0:11:22]} Nb8 {[%clk 0:01:42]} 22. Rhd1 {[%clk 0:10:40]} Rxd2
{[%clk 0:01:45]} 23. Rxd2 {[%clk 0:10:43]} Nd7 {[%clk 0:01:47]} 24. Rd3
{[%clk 0:10:43]} f6 {[%clk 0:01:33]} 25. Ne2 {[%clk 0:09:57]} fxg5
{[%clk 0:01:28]} 26. Bxg5 {[%clk 0:08:26]} Nc5 {[%clk 0:01:27]} 27. Re3
{[%clk 0:08:28]} Nxa4 {[%clk 0:01:24]} 28. Rg3 {[%clk 0:06:24]} Nc5
{[%clk 0:01:11]} 29. f3 {[%clk 0:05:51]} Bh6 {[%clk 0:01:08]} 30. Bxh6
{[%clk 0:05:27]} Rxh6 {[%clk 0:01:13]} 31. Kd2 {[%clk 0:05:30]} Kf6
{[%clk 0:01:16]} 32. Ke3 {[%clk 0:05:34]} Rh7 {[%clk 0:01:12]} 33. b3
{[%clk 0:05:22]} Ne6 {[%clk 0:01:07]} 34. f4 {[%clk 0:03:44]} Rg7
{[%clk 0:01:11]} 35. fxe5+ {[%clk 0:03:18]} Kxe5 {[%clk 0:01:14]} 36. Ng1
{[%clk 0:03:09]} Kf6 {[%clk 0:00:54]} 37. Nh3 {[%clk 0:02:24]} g5
{[%clk 0:00:39]} 38. Rf3+ {[%clk 0:02:28]} Ke7 {[%clk 0:00:40]} 39. hxg5
{[%clk 0:02:08]} Nxg5 {[%clk 0:00:44]} 40. Rg3 {[%clk 0:02:11]} Ne6
{[%clk 0:00:48]} 41. Rf3 {[%clk 0:01:44]} h4 {[%clk 0:00:52]} 42. Nf2
{[%clk 0:01:12]} Rg3 {[%clk 0:00:46]} 43. Rxg3 {[%clk 0:00:43]} hxg3
{[%clk 0:00:50]} 44. Nh3 {[%clk 0:00:47]} b5 {[%clk 0:00:54]} 45. Kd2
{[%clk 0:00:18]} Kd6 {[%clk 0:00:58]} 46. c3 {[%clk 0:00:11]} Nc5
{[%clk 0:00:42]} 47. e5+ Kxe5 0-1

[Event "Kings Place Rapidplay"]
[Site "London"]
[Date "2017.07.08"]
[Round "3.4"]
[White "Williams, Simon K"]
[Black "Murphy, Hugh W"]
[Result "1-0"]
[BlackElo "2203"]
[WhiteElo "2511"]
[LiveChessVersion "1.4.6"]
[EventDate "2017.07.08"]
[EventType "swiss"]
[EventRounds "6"]
[EventCountry "ENG"]

1. d4 {[%clk 0:25:08]} d5 {[%clk 0:25:05]} 2. c4 {[%clk 0:25:07]} e6
{[%clk 0:25:06]} 3. Nc3 {[%clk 0:25:07]} Be7 {[%clk 0:25:07]} 4. Nf3
{[%clk 0:25:05]} Nf6 {[%clk 0:25:09]} 5. Bf4 {[%clk 0:25:02]} O-O
{[%clk 0:25:04]} 6. e3 {[%clk 0:25:04]} Nbd7 {[%clk 0:24:51]} 7. a3
{[%clk 0:24:51]} c5 {[%clk 0:24:02]} 8. cxd5 {[%clk 0:24:50]} Nxd5
{[%clk 0:23:17]} 9. Nxd5 {[%clk 0:24:53]} exd5 {[%clk 0:23:20]} 10. dxc5
{[%clk 0:24:56]} Nxc5 {[%clk 0:23:16]} 11. Be2 {[%clk 0:24:38]} Bg4
{[%clk 0:21:29]} 12. Be5 {[%clk 0:23:38]} Bf6 {[%clk 0:20:38]} 13. Bxf6
{[%clk 0:22:32]} Qxf6 {[%clk 0:20:39]} 14. Qd4 {[%clk 0:22:17]} Qxd4
{[%clk 0:18:13]} 15. Nxd4 {[%clk 0:22:19]} Bxe2 {[%clk 0:17:46]} 16. Kxe2
{[%clk 0:22:21]} Rac8 {[%clk 0:17:24]} 17. Rac1 {[%clk 0:21:08]} Ne6
{[%clk 0:15:19]} 18. Nf5 {[%clk 0:21:00]} Rcd8 {[%clk 0:13:57]} 19. Rhd1
{[%clk 0:18:46]} Rfe8 {[%clk 0:13:38]} 20. Nd4 {[%clk 0:18:22]} Rc8
{[%clk 0:12:53]} 21. Nxe6 {[%clk 0:15:55]} fxe6 {[%clk 0:12:53]} 22. f4
{[%clk 0:15:57]} Kf7 {[%clk 0:12:46]} 23. Kd3 {[%clk 0:16:00]} Red8
{[%clk 0:12:14]} 24. b3 {[%clk 0:14:02]} Ke7 {[%clk 0:11:07]} 25. Kd4
{[%clk 0:13:48]} Kf6 {[%clk 0:10:42]} 26. g4 {[%clk 0:12:50]} h6 {[%clk 0:10:30]}
27. h4 {[%clk 0:12:21]} g6 {[%clk 0:09:32]} 28. Rg1 {[%clk 0:11:36]} Rxc1
{[%clk 0:09:15]} 29. Rxc1 {[%clk 0:11:39]} Rd7 {[%clk 0:09:19]} 30. Rc8
{[%clk 0:11:25]} Rf7 {[%clk 0:08:12]} 31. a4 {[%clk 0:08:01]} Rh7
{[%clk 0:07:40]} 32. Rf8+ {[%clk 0:07:22]} Ke7 {[%clk 0:07:38]} 33. Ra8
{[%clk 0:07:04]} Kf6 {[%clk 0:07:28]} 34. Rxa7 {[%clk 0:06:58]} h5
{[%clk 0:07:32]} 35. gxh5 {[%clk 0:06:51]} gxh5 {[%clk 0:07:31]} 36. a5
{[%clk 0:06:54]} Rh8 {[%clk 0:06:49]} 37. Rxb7 {[%clk 0:06:54]} Kf5
{[%clk 0:06:51]} 38. a6 {[%clk 0:06:51]} Ra8 {[%clk 0:06:50]} 39. a7
{[%clk 0:06:53]} Kg4 {[%clk 0:06:53]} 40. b4 {[%clk 0:06:56]} Kxh4
{[%clk 0:06:55]} 41. b5 {[%clk 0:07:00]} Kg3 {[%clk 0:06:54]} 42. b6 1-0

[Event "Kings Place Rapidplay"]
[Site "London"]
[Date "2017.07.08"]
[Round "3.5"]
[White "Storey, Charles H"]
[Black "Hebden, Mark L"]
[Result "0-1"]
[BlackElo "2494"]
[WhiteElo "2202"]
[LiveChessVersion "1.4.6"]
[EventDate "2017.07.08"]
[EventType "swiss"]
[EventRounds "6"]
[EventCountry "ENG"]

1. d4 {[%clk 0:25:09]} Nf6 {[%clk 0:25:08]} 2. c4 {[%clk 0:25:12]} g6
{[%clk 0:25:11]} 3. Nc3 {[%clk 0:25:16]} Bg7 {[%clk 0:25:14]} 4. e4
{[%clk 0:25:20]} d6 {[%clk 0:25:18]} 5. Nge2 {[%clk 0:25:23]} c6 {[%clk 0:25:13]}
6. Ng3 {[%clk 0:24:57]} h5 {[%clk 0:25:14]} 7. h4 {[%clk 0:24:03]} Nbd7
{[%clk 0:25:12]} 8. Be2 {[%clk 0:23:44]} a6 {[%clk 0:25:11]} 9. a4
{[%clk 0:23:02]} a5 {[%clk 0:24:53]} 10. f4 {[%clk 0:22:13]} e5 {[%clk 0:24:53]}
11. fxe5 {[%clk 0:21:59]} dxe5 {[%clk 0:24:57]} 12. d5 {[%clk 0:21:01]} Qb6
{[%clk 0:24:40]} 13. Ra3 {[%clk 0:20:50]} Nc5 {[%clk 0:24:24]} 14. dxc6
{[%clk 0:20:14]} bxc6 {[%clk 0:24:10]} 15. Qd6 {[%clk 0:20:08]} Nfd7
{[%clk 0:23:23]} 16. Rf1 {[%clk 0:19:07]} Bf8 {[%clk 0:22:28]} 17. Qd1
{[%clk 0:19:11]} Be7 {[%clk 0:22:07]} 18. Rh1 {[%clk 0:16:58]} Ne6
{[%clk 0:21:57]} 19. Rb3 {[%clk 0:16:36]} Qc7 {[%clk 0:21:54]} 20. Be3
{[%clk 0:15:46]} Bc5 {[%clk 0:20:33]} 21. Nf1 {[%clk 0:15:47]} Nd4
{[%clk 0:20:29]} 22. Bxd4 {[%clk 0:15:46]} Bxd4 {[%clk 0:19:59]} 23. Nd2
{[%clk 0:15:31]} Nc5 {[%clk 0:19:58]} 24. Ra3 {[%clk 0:15:35]} Rb8
{[%clk 0:18:30]} 25. Nf3 {[%clk 0:15:22]} Qd6 {[%clk 0:17:57]} 26. Qc2
{[%clk 0:14:35]} O-O {[%clk 0:17:40]} 27. Nd1 {[%clk 0:14:12]} Ne6
{[%clk 0:17:22]} 28. Nxd4 {[%clk 0:12:46]} Nxd4 {[%clk 0:16:47]} 29. Qd2
{[%clk 0:12:18]} Qb4 {[%clk 0:16:36]} 30. Qxb4 {[%clk 0:11:59]} Rxb4
{[%clk 0:16:30]} 31. Ra2 {[%clk 0:07:23]} Be6 {[%clk 0:16:21]} 32. Bd3
{[%clk 0:05:51]} Rd8 {[%clk 0:16:01]} 33. Rf1 {[%clk 0:04:39]} Nb3
{[%clk 0:14:50]} 34. Bc2 {[%clk 0:04:07]} Bxc4 {[%clk 0:14:39]} 35. Rf3
{[%clk 0:03:25]} Nd4 {[%clk 0:14:13]} 36. b3 {[%clk 0:02:59]} Nxc2+
{[%clk 0:12:41]} 37. Rxc2 {[%clk 0:03:02]} Bxb3 {[%clk 0:12:45]} 38. Rxb3
{[%clk 0:02:21]} Rxb3 {[%clk 0:12:49]} 39. Nc3 {[%clk 0:02:25]} Rb4
{[%clk 0:12:41]} 40. Re2 {[%clk 0:02:22]} Rd3 {[%clk 0:12:30]} 41. Na2
{[%clk 0:02:22]} Rxa4 {[%clk 0:11:51]} 42. Kf2 {[%clk 0:02:26]} Rc4
{[%clk 0:11:44]} 43. Ke1 {[%clk 0:02:12]} a4 {[%clk 0:11:33]} 0-1

[Event "Kings Place Rapidplay"]
[Site "London"]
[Date "2017.07.08"]
[Round "4.1"]
[White "Howell, David W L"]
[Black "Gordon, Stephen"]
[Result "0-1"]
[BlackElo "2432"]
[WhiteElo "2690"]
[LiveChessVersion "1.4.6"]
[EventDate "2017.07.08"]
[EventType "swiss"]
[EventRounds "6"]
[EventCountry "ENG"]

1. c4 {[%clk 0:24:58]} c5 {[%clk 0:24:57]} 2. Nf3 {[%clk 0:24:53]} Nc6
{[%clk 0:25:00]} 3. d4 {[%clk 0:23:49]} cxd4 {[%clk 0:25:02]} 4. Nxd4
{[%clk 0:23:52]} Nf6 {[%clk 0:25:04]} 5. Nc3 {[%clk 0:22:23]} e6 {[%clk 0:25:05]}
6. Bf4 {[%clk 0:22:27]} d6 {[%clk 0:24:57]} 7. Nxc6 {[%clk 0:22:30]} bxc6
{[%clk 0:24:59]} 8. g3 {[%clk 0:22:34]} Be7 {[%clk 0:21:46]} 9. Bg2
{[%clk 0:22:34]} Bb7 {[%clk 0:21:36]} 10. O-O {[%clk 0:20:09]} O-O
{[%clk 0:21:36]} 11. Rc1 {[%clk 0:20:03]} h6 {[%clk 0:20:49]} 12. Qd3
{[%clk 0:15:53]} e5 {[%clk 0:19:09]} 13. Be3 {[%clk 0:10:40]} Qd7
{[%clk 0:17:50]} 14. Rfd1 {[%clk 0:10:18]} Rfd8 {[%clk 0:16:55]} 15. Na4
{[%clk 0:09:04]} Qe6 {[%clk 0:12:30]} 16. b4 {[%clk 0:08:48]} e4 {[%clk 0:11:02]}
17. Qc3 {[%clk 0:04:33]} Rdc8 {[%clk 0:10:48]} 18. h3 {[%clk 0:04:12]} Nd7
{[%clk 0:07:31]} 19. Bd4 {[%clk 0:03:12]} Bf8 {[%clk 0:06:07]} 20. Qe3
{[%clk 0:02:44]} c5 {[%clk 0:05:56]} 21. bxc5 {[%clk 0:02:45]} dxc5
{[%clk 0:05:55]} 22. Ba1 {[%clk 0:02:44]} Nb6 {[%clk 0:05:39]} 23. Qb3
{[%clk 0:01:36]} Bc6 {[%clk 0:04:01]} 24. Nc3 {[%clk 0:01:25]} e3
{[%clk 0:03:13]} 25. Nd5 {[%clk 0:01:21]} exf2+ {[%clk 0:03:10]} 26. Kxf2
{[%clk 0:01:25]} Ba4 {[%clk 0:03:09]} 27. Qc3 {[%clk 0:00:52]} Bxd1
{[%clk 0:03:09]} 28. Rxd1 {[%clk 0:00:56]} Rab8 {[%clk 0:03:04]} 29. Rd3
{[%clk 0:00:32]} Rd8 {[%clk 0:02:51]} 30. h4 {[%clk 0:00:16]} Qf5+
{[%clk 0:02:27]} 31. Bf3 {[%clk 0:00:08]} Nxd5 {[%clk 0:01:55]} 32. cxd5
{[%clk 0:00:07]} Rb4 {[%clk 0:01:47]} 33. Kg2 {[%clk 0:00:07]} c4
{[%clk 0:00:58]} 34. Rd2 {[%clk 0:00:07]} Rb1 {[%clk 0:00:49]} 35. Bb2
{[%clk 0:00:10]} Rb8 {[%clk 0:00:24]} 36. d6 {[%clk 0:00:07]} R1xb2 37. Rxb2
{[%clk 0:00:11]} Rxb2 {[%clk 0:00:18]} 38. Qxb2 {[%clk 0:00:14]} Bxd6
{[%clk 0:00:19]} 39. Qd4 {[%clk 0:00:09]} Qe5 {[%clk 0:00:21]} 40. Qxe5
{[%clk 0:00:07]} Bxe5 {[%clk 0:00:25]} 41. Bd5 {[%clk 0:00:06]} c3
{[%clk 0:00:29]} 42. Bb3 {[%clk 0:00:10]} h5 {[%clk 0:00:30]} 43. Kf3
{[%clk 0:00:14]} g6 {[%clk 0:00:30]} 44. g4 {[%clk 0:00:17]} Bf6 {[%clk 0:00:26]}
45. Kg3 {[%clk 0:00:17]} Kg7 {[%clk 0:00:26]} 46. Bc2 {[%clk 0:00:12]} Be5+
{[%clk 0:00:20]} 47. Kf3 {[%clk 0:00:09]} hxg4+ {[%clk 0:00:22]} 48. Kxg4
{[%clk 0:00:13]} f5+ {[%clk 0:00:25]} 49. Kh3 {[%clk 0:00:14]} Kh6
{[%clk 0:00:12]} 50. Bd1 {[%clk 0:00:10]} Bd6 {[%clk 0:00:12]} 51. Kg2
{[%clk 0:00:10]} Kh5 {[%clk 0:00:12]} 52. Kh3 {[%clk 0:00:10]} Kh6
{[%clk 0:00:12]} 53. Kg2 {[%clk 0:00:10]} Bc5 {[%clk 0:00:12]} 0-1

[Event "Kings Place Rapidplay"]
[Site "London"]
[Date "2017.07.08"]
[Round "4.2"]
[White "Hebden, Mark L"]
[Black "McShane, Luke J"]
[Result "0-1"]
[BlackElo "2686"]
[WhiteElo "2494"]
[LiveChessVersion "1.4.6"]
[EventDate "2017.07.08"]
[EventType "swiss"]
[EventRounds "6"]
[EventCountry "ENG"]

1. d4 {[%clk 0:25:08]} Nf6 {[%clk 0:23:59]} 2. Nf3 {[%clk 0:25:07]} g6
{[%clk 0:24:03]} 3. Nc3 {[%clk 0:25:10]} d5 {[%clk 0:24:06]} 4. Bf4
{[%clk 0:25:14]} c6 {[%clk 0:23:50]} 5. h3 {[%clk 0:25:08]} Bg7 {[%clk 0:23:31]}
6. e3 {[%clk 0:25:11]} O-O {[%clk 0:23:26]} 7. Be2 {[%clk 0:25:05]} Nbd7
{[%clk 0:23:05]} 8. a4 {[%clk 0:25:07]} a5 {[%clk 0:22:38]} 9. O-O
{[%clk 0:25:08]} b6 {[%clk 0:21:19]} 10. Ne5 {[%clk 0:24:58]} Bb7
{[%clk 0:21:20]} 11. Bh2 {[%clk 0:24:40]} e6 {[%clk 0:20:54]} 12. Nxd7
{[%clk 0:24:28]} Nxd7 {[%clk 0:20:21]} 13. e4 {[%clk 0:24:17]} dxe4
{[%clk 0:19:29]} 14. Nxe4 {[%clk 0:24:19]} c5 {[%clk 0:19:32]} 15. Nd6
{[%clk 0:24:16]} Bc6 {[%clk 0:19:34]} 16. Bb5 {[%clk 0:23:13]} Bxb5
{[%clk 0:17:09]} 17. Nxb5 {[%clk 0:23:14]} Qg5 {[%clk 0:17:12]} 18. c3
{[%clk 0:22:54]} cxd4 {[%clk 0:16:33]} 19. Nxd4 {[%clk 0:22:43]} Nc5
{[%clk 0:15:57]} 20. Bc7 {[%clk 0:21:19]} e5 {[%clk 0:12:14]} 21. Nf3
{[%clk 0:19:47]} Qf5 {[%clk 0:12:04]} 22. Bxb6 {[%clk 0:19:33]} Nd3
{[%clk 0:12:07]} 23. b4 {[%clk 0:19:03]} axb4 {[%clk 0:10:07]} 24. cxb4
{[%clk 0:18:59]} e4 {[%clk 0:08:14]} 25. Nd4 {[%clk 0:16:44]} Qd7
{[%clk 0:08:06]} 26. Nb5 {[%clk 0:16:13]} Bxa1 {[%clk 0:06:43]} 27. Qxa1
{[%clk 0:16:17]} Rfb8 {[%clk 0:06:46]} 28. Nc7 {[%clk 0:14:38]} Rxa4
{[%clk 0:06:44]} 29. Qf6 {[%clk 0:14:41]} Rxb4 {[%clk 0:05:14]} 30. Ba5
{[%clk 0:14:15]} Rc4 {[%clk 0:05:04]} 31. Bc3 {[%clk 0:13:53]} Rxc3
{[%clk 0:05:04]} 32. Qxc3 {[%clk 0:13:57]} Rc8 {[%clk 0:04:46]} 33. Nd5
{[%clk 0:14:01]} Rxc3 {[%clk 0:04:48]} 34. Nf6+ {[%clk 0:14:05]} Kg7
{[%clk 0:04:52]} 35. Nxd7 {[%clk 0:14:10]} Rb3 {[%clk 0:04:55]} 0-1

[Event "Kings Place Rapidplay"]
[Site "London"]
[Date "2017.07.08"]
[Round "4.3"]
[White "Ghasi, Ameet K"]
[Black "Buckley, Graeme N"]
[Result "1/2-1/2"]
[BlackElo "2324"]
[WhiteElo "2552"]
[LiveChessVersion "1.4.6"]
[EventDate "2017.07.08"]
[EventType "swiss"]
[EventRounds "6"]
[EventCountry "ENG"]

1. Nf3 {[%clk 0:24:26]} e6 {[%clk 0:25:08]} 2. d4 {[%clk 0:24:07]} Nf6
{[%clk 0:25:12]} 3. g3 {[%clk 0:24:10]} b5 {[%clk 0:25:08]} 4. Bg2
{[%clk 0:24:07]} Bb7 {[%clk 0:25:12]} 5. O-O {[%clk 0:23:21]} c5 {[%clk 0:25:15]}
6. c3 {[%clk 0:21:21]} Na6 {[%clk 0:25:18]} 7. a4 {[%clk 0:20:00]} b4
{[%clk 0:25:07]} 8. Bg5 {[%clk 0:19:33]} Be7 {[%clk 0:24:39]} 9. Nbd2
{[%clk 0:18:28]} Rc8 {[%clk 0:23:03]} 10. Qb3 {[%clk 0:17:14]} Qc7
{[%clk 0:20:48]} 11. e3 {[%clk 0:14:47]} O-O {[%clk 0:20:07]} 12. Rfc1
{[%clk 0:13:58]} cxd4 {[%clk 0:19:16]} 13. exd4 {[%clk 0:13:58]} bxc3
{[%clk 0:18:38]} 14. bxc3 {[%clk 0:13:57]} Rb8 {[%clk 0:18:04]} 15. Qc4
{[%clk 0:12:40]} Qa5 {[%clk 0:16:57]} 16. Qb5 {[%clk 0:12:24]} Qc7
{[%clk 0:16:48]} 17. Qd3 {[%clk 0:11:42]} d6 {[%clk 0:16:05]} 18. Rab1
{[%clk 0:11:31]} Bc8 {[%clk 0:14:10]} 19. Ra1 {[%clk 0:08:28]} h6
{[%clk 0:13:33]} 20. Bxf6 {[%clk 0:07:46]} Bxf6 {[%clk 0:13:36]} 21. Nc4
{[%clk 0:07:23]} Rd8 {[%clk 0:12:23]} 22. h4 {[%clk 0:07:14]} e5 {[%clk 0:11:31]}
23. Ne3 {[%clk 0:06:51]} Bb7 {[%clk 0:10:28]} 24. Qf5 {[%clk 0:05:51]} Qc8
{[%clk 0:06:45]} 25. Qh5 {[%clk 0:04:47]} exd4 {[%clk 0:05:17]} 26. cxd4
{[%clk 0:04:40]} Qe6 {[%clk 0:04:46]} 27. Re1 {[%clk 0:03:17]} Bxf3
{[%clk 0:04:14]} 28. Bxf3 {[%clk 0:03:15]} Bxd4 {[%clk 0:04:09]} 29. Nd5
{[%clk 0:02:03]} Qh3 {[%clk 0:03:38]} 30. Ne7+ {[%clk 0:01:40]} Kf8
{[%clk 0:02:57]} 31. Nf5 {[%clk 0:01:44]} Bxf2+ {[%clk 0:01:17]} 32. Kxf2
{[%clk 0:01:47]} Qh2+ {[%clk 0:01:20]} 33. Bg2 {[%clk 0:01:43]} Nc5
{[%clk 0:01:25]} 34. Rad1 {[%clk 0:01:41]} Rb2+ {[%clk 0:01:16]} 35. Re2
{[%clk 0:00:55]} Ne4+ {[%clk 0:01:18]} 36. Kf1 {[%clk 0:00:41]} Rxe2
{[%clk 0:00:24]} 37. Qxe2 {[%clk 0:00:41]} Nxg3+ {[%clk 0:00:22]} 38. Nxg3
{[%clk 0:00:43]} Qxg3 {[%clk 0:00:26]} 39. Qf2 {[%clk 0:00:41]} Qxf2+
{[%clk 0:00:20]} 40. Kxf2 {[%clk 0:00:45]} Ke7 {[%clk 0:00:25]} 41. Rb1
{[%clk 0:00:28]} Rd7 {[%clk 0:00:24]} 42. Ke3 {[%clk 0:00:31]} Ke6
{[%clk 0:00:20]} 43. Kd4 {[%clk 0:00:32]} f5 {[%clk 0:00:19]} 44. h5
{[%clk 0:00:30]} Rc7 {[%clk 0:00:20]} 45. Bd5+ {[%clk 0:00:33]} Kf6
{[%clk 0:00:24]} 46. Rg1 {[%clk 0:00:38]} g5 {[%clk 0:00:11]} 47. hxg6
{[%clk 0:00:41]} Kg7 {[%clk 0:00:12]} 48. Bf7 {[%clk 0:00:43]} Rb7
{[%clk 0:00:11]} 49. Kd5 {[%clk 0:00:21]} Rb6 {[%clk 0:00:09]} 50. Be8
{[%clk 0:00:22]} Rb8 {[%clk 0:00:10]} 51. Bd7 {[%clk 0:00:25]} f4
{[%clk 0:00:10]} 52. Ke4 {[%clk 0:00:27]} Rb4+ {[%clk 0:00:09]} 53. Kf3
{[%clk 0:00:31]} a5 {[%clk 0:00:09]} 54. Bb5 {[%clk 0:00:33]} h5 {[%clk 0:00:09]}
55. Rg5 {[%clk 0:00:30]} Rd4 {[%clk 0:00:11]} 56. Be8 {[%clk 0:00:33]} Rd1
{[%clk 0:00:09]} 57. Rxh5 {[%clk 0:00:32]} Rf1+ {[%clk 0:00:13]} 58. Kg2
{[%clk 0:00:30]} Re1 {[%clk 0:00:17]} 59. Bf7 {[%clk 0:00:26]} Re3
{[%clk 0:00:19]} 60. Rxa5 {[%clk 0:00:26]} Kf6 {[%clk 0:00:10]} 61. Kf2
{[%clk 0:00:28]} Ra3 {[%clk 0:00:12]} 62. Ra6 {[%clk 0:00:29]} Rd3
{[%clk 0:00:12]} 63. a5 {[%clk 0:00:32]} Kg7 {[%clk 0:00:12]} 64. Ra7
{[%clk 0:00:35]} 1/2-1/2